La vida y la muerte en la selva (Record no. 54848)
[ view plain ]
| 000 -LEADER | |
|---|---|
| campo de control de longitud fija | 01022nam a2200241 i 4500 |
| 001 - NÚMERO DE CONTROL | |
| campo de control | 54848 |
| 003 - IDENTIFICADOR DE NÚMERO DE CONTROL | |
| campo de control | ES-MaACL |
| 005 - FECHA Y HORA DE LA ÚLTIMA TRANSACCIÓN | |
| campo de control | 20250803105140.0 |
| 007 - CAMPO FIJO DE DESCRIPCIÓN FÍSICA--INFORMACIÓN GENERAL | |
| campo de control de longitud fija | t| |
| 008 - DATOS DE LONGITUD FIJA--INFORMACIÓN GENERAL | |
| campo de control de longitud fija | 040119s1955 sp ||||1| spa d |
| 100 1# - ENTRADA PRINCIPAL--NOMBRE DE PERSONA | |
| Nombre de persona | Galvao, Enrique. |
| 9 (RLIN) | 53696 |
| 245 13 - MENCIÓN DEL TÍTULO | |
| Título | La vida y la muerte en la selva |
| Resto del título | : la caza mayor y su técnica / |
| Mención de responsabilidad, etc. | Enrique Galvao, Teodosio Cabral y Abel Pratas ; traducción de Carmen Díaz Herrero ; revisada y ampliada con notas por Bermudo Meléndez. |
| 260 ## - PUBLICACIÓN, DISTRIBUCIÓN, ETC. | |
| Lugar de publicación, distribución, etc. | [Madrid] : |
| Nombre del editor, distribuidor, etc. | Paraninfo, |
| Fecha de publicación, distribución, etc. | [1955] |
| 300 ## - DESCRIPCIÓN FÍSICA | |
| Extensión | V. <2-3> ; |
| Dimensiones | 25 cm. |
| 505 8# - NOTA DE CONTENIDO CON FORMATO | |
| Nota de contenido con formato | Contiene: V. 2. Leones, leopardos, hienidos, canidos, jabalíes y búfalos -- v. 3. Antílopes, cebras, el gorila. Especies menores. Narraciones cinegéticas. Guía del cazador en Africa |
| 650 #4 - PUNTO DE ACCESO ADICIONAL DE MATERIA--TÉRMINO DE MATERIA | |
| Término de materia o nombre geográfico como elemento de entrada | Caza- |
| Subdivisión geográfica | África. |
| 9 (RLIN) | 10858 |
| 700 1# - ENTRADA AGREGADA--NOMBRE PERSONAL | |
| Nombre de persona | Cabral, Teodosio. |
| 9 (RLIN) | 33253 |
| 700 1# - ENTRADA AGREGADA--NOMBRE PERSONAL | |
| Nombre de persona | Pratas, Abel. |
| 9 (RLIN) | 93682 |
| 700 1# - ENTRADA AGREGADA--NOMBRE PERSONAL | |
| Nombre de persona | Díaz Herrero, Carmen. |
| 9 (RLIN) | 44308 |
| 700 1# - ENTRADA AGREGADA--NOMBRE PERSONAL | |
| Nombre de persona | Meléndez, Bermudo, |
| Fechas asociadas al nombre | 1912-1999 |
| 9 (RLIN) | 79905 |
| 852 ## - LOCALIZACIÓN | |
| Ubicación | ES-MaACL |
| Número de control de estantería | P-830 |
| Estatus retirado | Estado de pérdida | Estado de daño | No para préstamo | Biblioteca de origen | Biblioteca actual | Ubicación en estantería | Fecha de adquisición | Fuente de adquisición | Total de préstamos | Signatura topográfica completa | Código de barras | Visto por última vez | Precio de reemplazo | Tipo de ítem Koha |
|---|---|---|---|---|---|---|---|---|---|---|---|---|---|---|
| Biblioteca del Ateneo de Madrid | Biblioteca del Ateneo de Madrid | Depósito 2 | 17/01/2008 | P-830 | 1057633 | 23/02/2023 | 23/02/2023 | Libro impreso |
